[Event "ESP-chT CECLUB Div2"]
[Site "Linares"]
[Date "2020.08.28"]
[Round "6.1"]
[White "Redondo Benavente, Jose Carlos"]
[Black "Romero Pallares, Daniel"]
[Result "1-0"]
[WhiteElo "2193"]
[BlackElo "2230"]
[PlyCount "99"]
[EventDate "2020.08.24"]
[EventType "team-tourn"]
[EventRounds "6"]
[EventCountry "ESP"]
[SourceTitle "CBM 198 Extra"]
[Source "ChessBase"]
[SourceDate "2020.11.30"]
[SourceVersion "1"]
[SourceVersionDate "2020.11.30"]
[SourceQuality "1"]
[WhiteTeam "Reverte Minerals"]
[BlackTeam "Palacio de Pioneros"]
[WhiteTeamCountry "ESP"]
[BlackTeamCountry "ESP"]

1. e4 c5 2. Nf3 d6 3. Bb5+ Bd7 4. Bxd7+ Nxd7 5. c4 Ngf6 6. Nc3 Rc8 7. 0-0 g6 8. d3 Bg7 9. h3 0-0 10. Be3 a6 11. Qd2 Ne5 12. Ne1 Nc6 13. Nc2 Ne8 14. Rab1 Rb8 15. b4 Nd4 16. a4 f5 17. Ne2 e5 18. Nc3 Nxc2 19. Qxc2 f4 20. Bd2 Nc7 21. Nd5 Ne6 22. bxc5 dxc5 23. Rb6 Nd4 24. Qb2 f3 25. g3 Qd7 26. Kh2 Qxa4 27. Ra1 Qd7 28. Raxa6 bxa6 29. Rxb8 Ne6 30. Rb7 Qa4 31. Nc3 Qe8 32. Qb6 Bf6 33. Nd5 Bd8 34. Qxa6 Rf7 35. Rb8 Kg7 36. Bc3 Nc7 37. Nxc7 Rxc7 38. Qd6 Rd7 39. Qxc5 Rxd3 40. Bxe5+ Kg8 41. Rb7 Rd7 42. Rxd7 Qxd7 43. Qd5+ Qxd5 44. exd5 Bb6 45. Kg1 Bc5 46. Bf4 Kf7 47. Be3 Bb4 48. Bd4 g5 49. g4 Kg6 50. c5 1-0

[Event "EU-ch U18 26th"]
[Site "Prague"]
[Date "2016.08.25"]
[Round "7"]
[White "Patrascu, Catalin Lucian"]
[Black "Redondo Benavente, Jose Carlos"]
[Result "1-0"]
[WhiteElo "2286"]
[BlackElo "2206"]
[PlyCount "105"]
[EventDate "2016.08.18"]
[EventType "swiss"]
[EventRounds "9"]
[EventCountry "CZE"]
[SourceTitle "CBM 174 Extra"]
[Source "ChessBase"]
[SourceDate "2016.10.10"]
[SourceVersion "1"]
[SourceVersionDate "2016.10.10"]
[SourceQuality "1"]

1. d4 d5 2. c4 dxc4 3. Nf3 e6 4. e3 Nf6 5. Bxc4 c5 6. 0-0 a6 7. dxc5 Qxd1 8. Rxd1 Bxc5 9. Nbd2 0-0 10. Nb3 Be7 11. Bd2 Nc6 12. Rac1 Bd7 13. Be2 Rfd8 14. Be1 Be8 15. Nc5 Rxd1 16. Bxd1 b6 17. Nd3 Bd6 18. Nd2 Nb4 19. Nxb4 Bxb4 20. a3 Be7 21. Bf3 Rb8 22. Nb3 Bd6 23. Bc3 Kf8 24. Nd4 Bd7 25. Rd1 Ne8 26. h3 a5 27. Be2 Rd8 28. Rd2 Nc7 29. Nf5 exf5 30. Rxd6 Na8 31. Bb5 Ke7 32. Rxd7+ Rxd7 33. Bxd7 Kxd7 34. Bxg7 Kc6 35. Kh2 Nc7 36. Kg3 Kb5 37. Kh4 Ne6 38. Be5 Kc4 39. Kh5 Kd5 40. Bc3 f4 41. Kh6 Ke4 42. Kxh7 f3 43. gxf3+ Kxf3 44. Kg8 f5 45. h4 Kg4 46. Kf7 Nc5 47. Kg6 f4 48. h5 f3 49. h6 Ne6 50. h7 Nf8+ 51. Kh6 Nxh7 52. Kxh7 Kh3 53. Bd4 1-0

[Event "EU-ch U18 26th"]
[Site "Prague"]
[Date "2016.08.20"]
[Round "3"]
[White "Suarez Gomez, Julio"]
[Black "Redondo Benavente, Jose Carlos"]
[Result "1/2-1/2"]
[WhiteElo "2429"]
[BlackElo "2206"]
[PlyCount "118"]
[EventDate "2016.08.18"]
[EventType "swiss"]
[EventRounds "9"]
[EventCountry "CZE"]
[SourceTitle "CBM 174 Extra"]
[Source "ChessBase"]
[SourceDate "2016.10.10"]
[SourceVersion "1"]
[SourceVersionDate "2016.10.10"]
[SourceQuality "1"]

1. d4 d5 2. c4 dxc4 3. e4 Nf6 4. Nc3 e5 5. d5 c6 6. Bg5 h6 7. Bxf6 Qxf6 8. Bxc4 Bc5 9. Qf3 Nd7 10. dxc6 bxc6 11. Qxf6 Nxf6 12. Nf3 Bd4 13. Nxd4 exd4 14. Na4 Nxe4 15. 0-0-0 0-0 16. Rxd4 Nxf2 17. Rf1 Ng4 18. Rxf7 Rxf7 19. Rd8+ Kh7 20. Bxf7 Bb7 21. Rd7 Bc8 22. Rd8 Bb7 23. Bg8+ Kh8 24. Rxa8 Bxa8 25. Be6 Nxh2 26. Nc5 Nf1 27. a4 h5 28. a5 Ne3 29. g3 g5 30. Kd2 Nd5 31. Kd3 h4 32. gxh4 Nf4+ 33. Ke4 Nxe6 34. Nxe6 c5+ 35. Kf5 gxh4 36. Kg4 c4 37. Kxh4 Kg8 38. Kg5 Kf7 39. Kf5 Ke7 40. Nc7 Bc6 41. Ke5 Kd7 42. Na6 Bg2 43. Nb4 Kc7 44. Kd4 Bf1 45. Kc5 Kb7 46. a6+ Kc7 47. Nd5+ Kb8 48. Nc3 Kc7 49. Nb5+ Kb8 50. Kc6 Bg2+ 51. Kd6 Bf1 52. Nc3 Bd3 53. Kc5 Bf1 54. Nb5 Bd3 55. Nd4 c3 56. Nc6+ Ka8 57. bxc3 Bxa6 58. Nb4 Bf1 59. c4 Bxc4 1/2-1/2

[Event "EU-ch U18 26th"]
[Site "Prague"]
[Date "2016.08.18"]
[Round "1"]
[White "Stefanov, Emil"]
[Black "Redondo Benavente, Jose Carlos"]
[Result "1-0"]
[WhiteElo "2505"]
[BlackElo "2206"]
[PlyCount "119"]
[EventDate "2016.08.18"]
[EventType "swiss"]
[EventRounds "9"]
[EventCountry "CZE"]
[SourceTitle "CBM 174 Extra"]
[Source "ChessBase"]
[SourceDate "2016.10.10"]
[SourceVersion "1"]
[SourceVersionDate "2016.10.10"]
[SourceQuality "1"]

1. d4 Nf6 2. c4 c5 3. d5 b5 4. cxb5 a6 5. bxa6 g6 6. Nc3 Bg7 7. e4 0-0 8. Nf3 Qa5 9. Bd2 Bxa6 10. Be2 Bxe2 11. Qxe2 Qa6 12. e5 Qxe2+ 13. Kxe2 Ne8 14. Ne4 d6 15. Bc3 Nd7 16. exd6 Nxd6 17. Nfd2 Rfb8 18. Bxg7 Kxg7 19. Nxd6 exd6 20. Nc4 Nb6 21. Nxd6 Nxd5 22. Nc4 Rb4 23. Rhc1 Nb6 24. b3 Nxc4 25. Rxc4 Rxc4 26. bxc4 Ra3 27. Kd2 Kf6 28. Kc2 Ke5 29. Kb2 Rd3 30. Rc1 Kd4 31. Rc2 Ke5 32. a4 Kd6 33. Rc3 Rd2+ 34. Rc2 Rd3 35. Re2 Kc6 36. a5 Kb7 37. Re7+ Ka6 38. Rxf7 Kxa5 39. Kc2 Rd4 40. Kc3 Rh4 41. h3 Kb6 42. Kd3 Kc6 43. f4 Kd6 44. Ke4 Ke6 45. Rg7 Kd6 46. Kf3 Ke6 47. Kg3 Rh5 48. Kg4 Kf6 49. Rc7 Ke6 50. h4 Kf6 51. g3 h6 52. Rc6+ Kf7 53. Kf3 Kg7 54. Ke4 Kf7 55. Rd6 Rf5 56. g4 Rf6 57. Rxf6+ Kxf6 58. f5 gxf5+ 59. gxf5 Kf7 60. Ke5 1-0

[Event "ESP-ch rapid"]
[Site "Linares"]
[Date "2016.08.14"]
[Round "1"]
[White "Redondo Benavente, Jose Carlos"]
[Black "Cruz Lledo, Pablo"]
[Result "0-1"]
[WhiteElo "2206"]
[BlackElo "2414"]
[PlyCount "110"]
[EventDate "2016.08.14"]
[EventType "swiss (rapid)"]
[EventRounds "9"]
[EventCountry "ESP"]
[SourceTitle "CBM 173 Extra"]
[Source "ChessBase"]
[SourceDate "2016.08.29"]
[SourceVersion "1"]
[SourceVersionDate "2016.08.29"]
[SourceQuality "1"]

1. e4 c6 2. Nc3 d5 3. Nf3 Bg4 4. h3 Bxf3 5. Qxf3 e6 6. d4 dxe4 7. Qxe4 Nf6 8. Qd3 Bd6 9. Be2 Nbd7 10. 0-0 0-0 11. Bg5 Qc7 12. Bf3 h6 13. Bxf6 Nxf6 14. Ne4 Nxe4 15. Qxe4 Rfe8 16. c3 Rad8 17. Rad1 g6 18. Rfe1 Rd7 19. Rd3 Rde7 20. Rde3 Kg7 21. Qd3 c5 22. dxc5 Bxc5 23. R3e2 Rd8 24. Qe4 e5 25. Qc2 f5 26. Rd2 Rxd2 27. Qxd2 e4 28. Bd1 Rd7 29. Qe2 Qf4 30. Rf1 Rd2 31. Qe1 Rxb2 32. Bb3 h5 33. c4 Qd2 34. Qxd2 Rxd2 35. g3 Kf6 36. h4 Ke5 37. Ba4 Rxa2 38. Be8 Kf6 39. Rd1 Bxf2+ 40. Kg2 Bd4+ 41. Kh3 Be5 42. Rd7 Ra3 43. Rf7+ Ke6 44. Rh7 Rxg3+ 45. Kh2 a5 46. Bd7+ Kd6 47. Bb5 Kc5 48. Rxb7 f4 49. Re7 Kd4 50. Rd7+ Ke3 51. Re7 Bf6 52. Re6 Bxh4 53. Bc6 Kf2 54. Bxe4 Rg4 55. Rxg6 Bg3+ 0-1

[Event "ESP-ch U18"]
[Site "Granada"]
[Date "2016.07.29"]
[Round "7"]
[White "Esquivias Quintero, Luis Manuel"]
[Black "Redondo Benavente, Jose Carlos"]
[Result "1/2-1/2"]
[WhiteElo "2234"]
[BlackElo "2184"]
[PlyCount "82"]
[EventDate "2016.07.25"]
[EventType "swiss"]
[EventRounds "9"]
[EventCountry "ESP"]
[SourceTitle "EXT 2024"]
[Source "ChessBase"]
[SourceDate "2023.10.10"]
[SourceVersion "1"]
[SourceVersionDate "2023.10.10"]
[SourceQuality "1"]

1. e4 e5 2. Nf3 d6 3. d4 exd4 4. Nxd4 Nf6 5. Nc3 Be7 6. g3 d5 7. e5 Ng4 8. Bg2 0-0 9. 0-0 Nxe5 10. Nxd5 Bc5 11. b4 Bg4 12. f3 Be6 13. bxc5 Bxd5 14. Nf5 Nbc6 15. Bb2 f6 16. Ne3 Bf7 17. Qe1 Nc4 18. Nxc4 Bxc4 19. Rf2 Re8 20. Qc3 Bf7 21. Rd2 Qe7 22. a4 Rad8 23. Rxd8 Rxd8 24. Re1 Qd7 25. f4 Bd5 26. Rd1 Qe6 27. Bxd5 Rxd5 28. Rxd5 Qxd5 29. Qb3 Ne7 30. Kf2 Kf7 31. Qxd5+ Nxd5 32. c4 Nb4 33. Ke3 Ke6 34. g4 g6 35. h3 Nc6 36. Bc3 Nb8 37. Kd4 c6 38. Ke4 Nd7 39. Bd4 Nf8 40. f5+ gxf5+ 41. gxf5+ Kf7 1/2-1/2

[Event "ESP-ch U18"]
[Site "Granada"]
[Date "2016.07.29"]
[Round "8"]
[White "Redondo Benavente, Jose Carlos"]
[Black "Laiz Ibanez, Hector"]
[Result "0-1"]
[WhiteElo "2184"]
[BlackElo "2229"]
[PlyCount "114"]
[EventDate "2016.07.25"]
[EventType "swiss"]
[EventRounds "9"]
[EventCountry "ESP"]
[SourceTitle "EXT 2024"]
[Source "ChessBase"]
[SourceDate "2023.10.10"]
[SourceVersion "1"]
[SourceVersionDate "2023.10.10"]
[SourceQuality "1"]

1. e4 e6 2. d4 d5 3. Nc3 Nf6 4. Bg5 Be7 5. e5 Nfd7 6. Bxe7 Qxe7 7. Qg4 0-0 8. Bd3 c5 9. Nf3 f6 10. exf6 Nxf6 11. Qh4 Nc6 12. dxc5 Qxc5 13. 0-0-0 Bd7 14. Rhe1 Rae8 15. Ne5 Nxe5 16. Rxe5 b5 17. Kb1 b4 18. Ne2 Bb5 19. Bxb5 Qxb5 20. Nd4 Qb6 21. Qh3 Ne4 22. Rxe6 Rxe6 23. Qxe6+ Qxe6 24. Nxe6 Rxf2 25. Rg1 Nd2+ 26. Kc1 Nf1 27. Nd4 Ne3 28. g3 Rxh2 29. Re1 Nc4 30. b3 Nd6 31. Nc6 a5 32. Nxa5 Rg2 33. Nc6 Rxg3 34. Nxb4 h5 35. Rh1 Rg5 36. a4 d4 37. Kb2 Rc5 38. Rh4 Kf7 39. Nd3 Ra5 40. Rxd4 Nf5 41. Rc4 h4 42. Nf2 g5 43. Ka3 Ne3 44. Rc7+ Kg6 45. b4 Rf5 46. Ne4 Rf4 47. Rc6+ Kf5 48. Nd6+ Kg4 49. Nc8 h3 50. b5 h2 51. Rh6 Kg3 52. Rxh2 Kxh2 53. b6 Nc4+ 54. Kb3 Na5+ 55. Ka3 g4 56. Nd6 g3 57. b7 Nxb7 0-1

[Event "ESP-ch U18"]
[Site "Granada"]
[Date "2016.07.26"]
[Round "3"]
[White "Domingo Nunez, Alejandro"]
[Black "Redondo Benavente, Jose Carlos"]
[Result "1/2-1/2"]
[WhiteElo "2334"]
[BlackElo "2184"]
[PlyCount "71"]
[EventDate "2016.07.25"]
[EventType "swiss"]
[EventRounds "9"]
[EventCountry "ESP"]
[SourceTitle "EXT 2024"]
[Source "ChessBase"]
[SourceDate "2023.10.10"]
[SourceVersion "1"]
[SourceVersionDate "2023.10.10"]
[SourceQuality "1"]

1. e4 e5 2. Nf3 Nc6 3. Bc4 Bc5 4. c3 Nf6 5. d3 0-0 6. 0-0 d5 7. exd5 Nxd5 8. Nbd2 Bg4 9. Ne4 Be7 10. h3 Bh5 11. Ng3 Bg6 12. Re1 Nb6 13. Bb5 Bd6 14. Bxc6 bxc6 15. d4 exd4 16. Nxd4 c5 17. Ndf5 Qd7 18. Qf3 Rae8 19. Bg5 f6 20. Be3 Nc4 21. b3 Ne5 22. Qd5+ Bf7 23. Qd2 Be6 24. Nxd6 cxd6 25. Rad1 c4 26. Qxd6 Qxd6 27. Rxd6 cxb3 28. axb3 Bxb3 29. Rb1 Nc4 30. Rd4 Bc2 31. Rc1 Nxe3 32. fxe3 Rxe3 33. Rxc2 Rxg3 34. c4 Rc8 35. c5 Rc6 36. Rd8+ 1/2-1/2

[Event "ESP-ch 80th"]
[Site "Linares"]
[Date "2015.08.27"]
[Round "5"]
[White "Redondo Benavente, Jose Carlos"]
[Black "Nieves Cabanes, Jose Manuel"]
[Result "1-0"]
[WhiteElo "2108"]
[BlackElo "2211"]
[PlyCount "109"]
[EventDate "2015.08.23"]
[EventType "swiss"]
[EventRounds "9"]
[EventCountry "ESP"]
[SourceTitle "EXT 2016"]
[Source "ChessBase"]
[SourceDate "2015.10.08"]
[SourceVersion "1"]
[SourceVersionDate "2015.10.08"]
[SourceQuality "1"]

1. e4 c6 2. d4 d5 3. Nc3 dxe4 4. Nxe4 Bf5 5. Nc5 e5 6. Nxb7 Qb6 7. Nc5 exd4 8. Nb3 Bb4+ 9. Bd2 Nd7 10. Bxb4 Qxb4+ 11. Qd2 Qe7+ 12. Qe2 c5 13. 0-0-0 Ngf6 14. Qxe7+ Kxe7 15. Bd3 Be6 16. Be2 a5 17. Bf3 Ra7 18. Kb1 a4 19. Nd2 Rb8 20. Ne2 g5 21. Rhe1 g4 22. Bc6 Ne5 23. Nxd4 cxd4 24. Rxe5 Kd6 25. Rb5 Rxb5 26. Bxb5 a3 27. Nb3 axb2 28. Rxd4+ Ke5 29. Rd2 h5 30. Kxb2 h4 31. a4 h3 32. gxh3 gxh3 33. Nd4 Kf4 34. Nxe6+ fxe6 35. Rd3 Rh7 36. f3 Nd5 37. c4 Ne3 38. a5 Kxf3 39. a6 Ke4 40. Kc3 Rc7 41. Rd7 Nd5+ 42. Kb3 Rxd7 43. Bxd7 Nc7 44. Bc6+ Kd4 45. a7 e5 46. a8Q Nxa8 47. Bxa8 e4 48. Kb4 e3 49. Bf3 Kd3 50. c5 e2 51. Bxe2+ Kxe2 52. c6 Kf2 53. c7 Kg2 54. c8Q Kxh2 55. Qg4 1-0

[Event "ESP-ch 79th"]
[Site "Linares"]
[Date "2014.08.27"]
[Round "3"]
[White "Gavilan Diaz, Mario"]
[Black "Redondo Benavente, Jose Carlos"]
[Result "1-0"]
[WhiteElo "2291"]
[BlackElo "2027"]
[PlyCount "115"]
[EventDate "2014.08.25"]
[EventType "swiss"]
[EventRounds "9"]
[EventCountry "ESP"]
[SourceTitle "CBM 162 Extra"]
[Source "ChessBase"]
[SourceDate "2014.10.17"]
[SourceVersion "1"]
[SourceVersionDate "2014.10.17"]
[SourceQuality "1"]

1. d4 Nf6 2. c4 g6 3. Nc3 Bg7 4. e4 d6 5. Be2 0-0 6. Be3 e5 7. d5 Nbd7 8. g4 Nc5 9. Bf3 a5 10. h4 Qd7 11. g5 Ng4 12. Bxc5 dxc5 13. Qe2 f6 14. Nh3 f5 15. 0-0-0 h5 16. Bg2 f4 17. Rd2 Qf7 18. Ng1 Bd7 19. Nd1 Ba4 20. Nc3 Bd7 21. Nf3 Rfe8 22. Ne1 Bf8 23. Nc2 Bd6 24. f3 Ne3 25. Nxe3 fxe3 26. Qxe3 Rf8 27. Rf2 Qf4 28. Kd2 Rf7 29. Ne2 Qxe3+ 30. Kxe3 Ra6 31. Bh3 Rb6 32. Bxd7 Rxd7 33. Nc1 Rb4 34. Rc2 Rf7 35. Nd3 Rb6 36. Rf1 Ra6 37. f4 exf4+ 38. Kf3 Re7 39. Re2 Re5 40. Nxf4 Bf8 41. Ne6 Rexe6 42. dxe6 Rxe6 43. Rd1 Bd6 44. Rd5 c6 45. Rd3 Kf7 46. e5 Bc7 47. Rd7+ Re7 48. e6+ Ke8 49. Red2 Bb6 50. Rxe7+ Kxe7 51. Rd7+ Kxe6 52. Rxb7 Bd8 53. Ke4 Be7 54. Ra7 Bd6 55. Kf3 Ke5 56. Rxa5 Kd4 57. b3 Kc3 58. Ra6 1-0

[Event "Roquetas de Mar U2150 op"]
[Site "Roquetas de Mar"]
[Date "2013.01.06"]
[Round "7.4"]
[White "Redondo Benavente, Jose Carlos"]
[Black "Santaella Amate, Sebastian"]
[Result "0-1"]
[WhiteElo "1741"]
[BlackElo "1919"]
[PlyCount "103"]
[EventDate "2013.01.04"]
[EventType "swiss"]
[EventRounds "7"]
[EventCountry "ESP"]
[SourceTitle "EXT 2024"]
[Source "ChessBase"]
[SourceDate "2023.10.10"]
[SourceVersion "1"]
[SourceVersionDate "2023.10.10"]
[SourceQuality "1"]

1. e4 c5 2. Nc3 Nc6 3. g3 g6 4. Bg2 Bg7 5. d3 d6 6. h3 Nf6 7. f4 0-0 8. Nf3 Qb6 9. 0-0 c4+ 10. Kh1 cxd3 11. cxd3 Bd7 12. Qe1 Nb4 13. Qe2 Bb5 14. Rd1 Qa6 15. Nxb5 Qxb5 16. a3 Na6 17. Nd4 Qd7 18. Be3 Rac8 19. Rac1 b6 20. Nf3 Nc5 21. b4 Na4 22. Bd4 Nh5 23. Qf2 Bxd4 24. Nxd4 e5 25. Ne2 Qb5 26. Qe3 Nb2 27. Rd2 Na4 28. Rdc2 Rxc2 29. Rxc2 a5 30. Rc4 Nb2 31. Rc3 Nd1 32. Qc1 Nxc3 33. Qxc3 axb4 34. axb4 Ra8 35. Bf3 Ng7 36. g4 Ne6 37. f5 Nd8 38. h4 Qc6 39. Qb2 Rc8 40. Qb3 Kg7 41. g5 gxf5 42. Ng3 Qc1+ 43. Bd1 Rc3 44. Nxf5+ Kf8 45. Qa4 b5 46. Qa7 Qxd1+ 47. Kg2 Qe2+ 48. Kg3 Rxd3+ 49. Ne3 Rxe3+ 50. Qxe3 Qxe3+ 51. Kg4 Qxe4+ 52. Kh5 0-1

[Event "Roquetas de Mar U2150 op"]
[Site "Roquetas de Mar"]
[Date "2013.01.04"]
[Round "2.5"]
[White "Alvarez Morales, Miguel"]
[Black "Redondo Benavente, Jose Carlos"]
[Result "1/2-1/2"]
[WhiteElo "2002"]
[BlackElo "1741"]
[PlyCount "66"]
[EventDate "2013.01.04"]
[EventType "swiss"]
[EventRounds "7"]
[EventCountry "ESP"]
[SourceTitle "EXT 2024"]
[Source "ChessBase"]
[SourceDate "2023.10.10"]
[SourceVersion "1"]
[SourceVersionDate "2023.10.10"]
[SourceQuality "1"]

1. c4 e5 2. Nc3 Nc6 3. Nf3 g6 4. d4 exd4 5. Nxd4 Bg7 6. e3 Nf6 7. Be2 0-0 8. 0-0 Re8 9. Re1 Nxd4 10. exd4 d5 11. cxd5 Nxd5 12. Bf3 Rxe1+ 13. Qxe1 Be6 14. Qe4 c6 15. Bd2 Qb6 16. b3 Bxd4 17. Na4 Bxf2+ 18. Kf1 Qd4 19. Rd1 Qxe4 20. Bxe4 Bd4 21. h3 b5 22. Bg5 Be3 23. Bxd5 Bxd5 24. Bxe3 bxa4 25. bxa4 Bxa2 26. Rd7 a6 27. a5 Bc4+ 28. Kf2 Bb5 29. Rc7 Rd8 30. Bh6 f6 31. Rg7+ Kh8 32. Rc7 Rg8 33. Kf3 Bc4 1/2-1/2

[Event "ESP-ch U14"]
[Site "Salobrena"]
[Date "2012.07.13"]
[Round "7"]
[White "Fernandez Cano, Victor"]
[Black "Redondo Benavente, Jose Carlos"]
[Result "1/2-1/2"]
[WhiteElo "1839"]
[BlackElo "1719"]
[PlyCount "166"]
[EventDate "2012.07.09"]
[EventType "swiss"]
[EventRounds "9"]
[EventCountry "ESP"]
[SourceTitle "EXT 2014"]
[Source "ChessBase"]
[SourceDate "2013.11.20"]
[SourceVersion "1"]
[SourceVersionDate "2013.11.20"]
[SourceQuality "1"]

1. d4 Nf6 2. Nf3 g6 3. Bf4 Bg7 4. e3 0-0 5. Be2 d6 6. h3 b6 7. 0-0 c5 8. c3 Bb7 9. a4 Nc6 10. Qb3 Na5 11. Qa3 cxd4 12. cxd4 Rc8 13. Nbd2 Nc6 14. Bh2 a5 15. Rac1 Nb4 16. Nc4 Ba6 17. d5 Nfxd5 18. e4 Nf6 19. Qe3 Nd7 20. b3 Rc5 21. Rcd1 Qc8 22. Ne1 Ne5 23. Nxb6 Qb7 24. Bxa6 Qxa6 25. Bxe5 Bxe5 26. Nd7 Rc3 27. Qg5 Qe2 28. Qxe7 Rfc8 29. Nf3 Nc6 30. Qh4 Rxb3 31. Nfxe5 Nxe5 32. Nf6+ Kg7 33. Rxd6 h6 34. Qf4 Nd3 35. Qg3 Rc2 36. Nh5+ Qxh5 37. Rxd3 Rxd3 38. Qxd3 Qe2 39. Qd4+ Kh7 40. Qd5 Kg7 41. e5 Qd2 42. Qb7 Rb2 43. Qa6 Qd8 44. Rc1 Qg5 45. Re1 Qf5 46. Qa7 Kg8 47. Qe3 Rb1 48. f3 Qc2 49. Rxb1 Qxb1+ 50. Kh2 Qb4 51. Qe4 Qb6 52. Qd5 Qb4 53. Qe4 Qb6 54. Kg3 Qc7 55. Qd4 Qe7 56. h4 Qc7 57. Qd6 Qc3 58. Kh3 Qe1 59. Qd4 Qh1+ 60. Kg3 Qe1+ 61. Kh2 Kh7 62. h5 Qb4 63. hxg6+ Kxg6 64. Qe4+ Kg7 65. Kg3 Qb6 66. Qg4+ Kf8 67. Qe4 Kg7 68. Qf5 Qc6 69. Qg4+ Kf8 70. Qe4 Qb6 71. Qh7 Ke7 72. Qg7 Qc6 73. Qf6+ Qxf6 74. exf6+ Kxf6 75. Kf4 Ke6 76. Kg4 Kf6 77. Kh5 Kg7 78. f4 f5 79. Kh4 Kg6 80. Kg3 Kf6 81. Kf3 Ke6 82. Ke3 Kd5 83. Kd3 h5 1/2-1/2